| 000 | 00413cam a2200181 a 4500 | ||
|---|---|---|---|
| 001 | 2121239 | ||
| 005 | 20241003013226.0 | ||
| 008 | 960321s1995 ce 000 1 eng | ||
| 020 | _a9559318004 | ||
| 040 |
_aDLC _cDLC |
||
| 082 | 0 | 0 |
_a820 _220 |
| 100 | 1 | _aArasanayagam, Jean. | |
| 245 | 1 | 4 | _aThe outsider / |
| 260 |
_aColombo : _bVoice of Women, _c1995 |
||
| 300 | _a179 p. ; | ||
| 500 | _aNovel. | ||
| 942 | _cL | ||
| 999 |
_c5924 _d5924 |
||